| 000 | 00000nas 2200000za 4500 |
| 001 | 9.843340 |
| 003 | CaOODSP |
| 005 | 20221107152513 |
| 007 | cr ||||||||||| |
| 008 | 170911d19811987oncgr p oss f0###b0fre|d |
| 022 | |y0713-9349 |
| 040 | |aCaOODSP|bfre |
| 041 | |aeng|afre |
| 043 | |an-cn--- |
| 086 | 1 |aCS12-205-PDF |
| 245 | 00|aIndex to the Inventory of Statistics Canada questionnaires on microfiche |h[ressource électronique] = |bIndex du Répertoire des questionnaires de Statistique Canada sur microfiches. |
| 246 | 11|aIndex du Répertoire des questionnaires de Statistique Canada sur microfiches |
| 246 | 18|aQuestionnaire inventory |
| 246 | 18|aRépertoire des questionnaires |
| 260 | |aOttawa : |bStatistics Canada, Standards Division = Statistique Canada, Division des normes, |c1982-1988. |
| 310 | |aBiennal |
| 362 | 0 |a1981-1987. |
| 500 | |aÉdition numérisée de l’imprimé [par Statistique Canada]. |
| 520 | |a« Le Repertoire des questionnaires de Statistique Canada ... est une publication en deux parties comprenant une série de quelque deux cents microfiches et le present Index qui permet d'acceder a ces dernières »--Introduction, 1981. |
| 546 | |aTexte en anglais et en français. |
| 692 | 07|2gccst|aStatistique |
| 710 | 1 |aCanada. |bStatistique Canada. |bDivision des normes. |
| 780 | 00|tIndex to Statistics Canada questionnaires |w(CaOODSP)9.843099 |
| 785 | 00|tIndex to Statistics Canada surveys and questionnaires |w(CaOODSP)9.843329 |
| 791 | |tIndex to the Inventory of Statistics Canada questionnaires on microfiche |eeng|w(CaOODSP)9.843338 |
| 986 | |a12-205S |